|
|
|
|
| LEADER |
01739cas a2200241 a 4500 |
| 001 |
AALejournalIMF014278 |
| 008 |
230101c9999 xx r poo 0 0eng d |
| 020 |
|
|
|c 5.00 USD
|
| 020 |
|
|
|z 9781475523652
|
| 022 |
|
|
|a 1934-7685
|
| 040 |
|
|
|a BD-DhAAL
|c BD-DhAAL
|
| 110 |
2 |
|
|a International Monetary Fund.
|b Monetary and Capital Markets Department.
|
| 245 |
1 |
0 |
|a Canada :
|b Financial Sector Assessment Program-Insurance Core Principles-Detailed Assessment of Observance.
|
| 264 |
|
1 |
|a Washington, D.C. :
|b International Monetary Fund,
|c 2014.
|
| 300 |
|
|
|a 1 online resource (147 pages)
|
| 490 |
1 |
|
|a IMF Staff Country Reports
|
| 500 |
|
|
|a <strong>Off-Campus Access:</strong> No User ID or Password Required
|
| 500 |
|
|
|a <strong>On-Campus Access:</strong> No User ID or Password Required
|
| 506 |
|
|
|a Electronic access restricted to authorized BRAC University faculty, staff and students
|
| 520 |
3 |
|
|a This Detailed Assessment report, a part of the 2013 Financial Sector Assessment Program (FSAP) of Canada, assesses Canada's regulatory regime and supervisory practices against the international standards. The IMF report suggests that the Office of the Superintendent of Financial Institutions (OSFI) should be empowered to take supervisory measures at the level of the holding company. It highlights that while OSFI requires Federally Regulated Insurers (FRI) FRIs to develop internal capital targets, requirements to develop an Own Risk and Solvency Assessment are scheduled to be implemented in 2014.
|
| 538 |
|
|
|a Mode of access: Internet
|
| 830 |
|
0 |
|a IMF Staff Country Reports; Country Report ;
|v No. 2014/072
|
| 856 |
4 |
0 |
|z Full text available on IMF
|u http://elibrary.imf.org/view/journals/002/2014/072/002.2014.issue-072-en.xml
|z IMF e-Library
|